Statistics for F1 Top 3: 2000 - 2021

Click here to take the quiz!

General Stats

  • This quiz has been taken 371 times
  • The average score is 63 of 66

Answer Stats

YearDriver% Correct
2010Fernando Alonso
100%
2006Fernando Alonso
100%
2012Fernando Alonso
100%
2005Fernando Alonso
100%
2013Fernando Alonso
100%
2007Fernando Alonso
100%
2014Lewis Hamilton
100%
2021Lewis Hamilton
100%
2019Lewis Hamilton
100%
2020Lewis Hamilton
100%
2007Lewis Hamilton
100%
2016Lewis Hamilton
100%
2008Lewis Hamilton
100%
2015Lewis Hamilton
100%
2017Lewis Hamilton
100%
2018Lewis Hamilton
100%
2005Kimi Raikkonen
99%
2007Kimi Raikkonen
99%
2003Kimi Raikkonen
99%
2018Kimi Raikkonen
99%
2012Kimi Raikkonen
99%
2008Kimi Raikkonen
99%
2019Max Verstappen
99%
2020Max Verstappen
99%
2021Max Verstappen
99%
2002Michael Schumacher
99%
2004Michael Schumacher
99%
2000Michael Schumacher
99%
2001Michael Schumacher
99%
2005Michael Schumacher
99%
2006Michael Schumacher
99%
2003Michael Schumacher
99%
2015Nico Rosberg
99%
2014Nico Rosberg
99%
2016Nico Rosberg
99%
2010Sebastian Vettel
99%
2017Sebastian Vettel
99%
2015Sebastian Vettel
99%
2012Sebastian Vettel
99%
2013Sebastian Vettel
99%
2018Sebastian Vettel
99%
2011Sebastian Vettel
99%
2009Sebastian Vettel
99%
2017Valtteri Bottas
98%
2021Valtteri Bottas
98%
2020Valtteri Bottas
98%
2019Valtteri Bottas
98%
2004Jenson Button
97%
2009Jenson Button
97%
2011Jenson Button
97%
2006Felipe Massa
92%
2008Felipe Massa
92%
2016Daniel Ricciardo
89%
2014Daniel Ricciardo
89%
2000Mika Hakkinen
86%
2013Mark Webber
85%
2011Mark Webber
85%
2010Mark Webber
85%
2001Rubens Barrichello
82%
2002Rubens Barrichello
82%
2004Rubens Barrichello
82%
2009Rubens Barrichello
82%
2001David Coulthard
71%
2000David Coulthard
71%
2003Juan Pablo Montoya
65%
2002Juan Pablo Montoya
65%

Score Distribution

Percentile by Number Answered

Percent of People with Each Score

Your Score History

You have not taken this quiz